The last great Senator : Robert C. Byrd's encounters with eleven U.S. Presidents /

Bibliographic Details
Main Author: Corbin, David
Format: Book
Language:English
Published: Washington, D.C. : Potomac Books, [2012]
Edition:1st ed.
Subjects:

MARC

Tag First Indicator Second Indicator Subfields
LEADER 00000cam a2200000 a 4500
001 in00002782875
005 20150922150401.0
008 120720s2012 dcuaf b 001 0 eng
010 |a  2012028322 
020 |a 9781612344997 (hardcover : alk. paper) 
020 |a 1612344992 (hardcover : alk. paper) 
020 |a 9781612345000 (electronic) 
020 |a 161234500X (electronic) 
035 |a (OCoLC)ocn795759576 
040 |a DLC  |c DLC  |d UtOrBLW 
043 |a n-us---  |a n-us-wv 
049 |a TXAM 
050 0 0 |a E840.8.B965  |b C67 2012 
082 0 0 |a 328.73/092  |a B  |2 23 
100 1 |a Corbin, David. 
245 1 4 |a The last great Senator :  |b Robert C. Byrd's encounters with eleven U.S. Presidents /  |c David A. Corbin. 
250 |a 1st ed. 
264 1 |a Washington, D.C. :  |b Potomac Books,  |c [2012] 
264 4 |c ©2012 
300 |a xiv, 365 pages, 8 unnumbered pages of plates :  |b illustrations ;  |c 24 cm. 
336 |a text  |b txt  |2 rdacontent 
337 |a unmediated  |b n  |2 rdamedia 
338 |a volume  |b nc  |2 rdacarrier 
504 |a Includes bibliographical references and index. 
505 0 |a Southern West Virginia roots -- The making of the Senator, 1958 -- Eisenhower Administration -- Kennedy Administration -- Johnson Administration -- Nixon Administration -- Ford Administration -- Carter Administration -- Reagan Administration -- Bush I Administration -- Clinton Administration -- Bush II Administration -- Obama Administration. 
600 1 0 |a Byrd, Robert C. 
650 0 |a Legislators  |z United States  |v Biography. 
610 1 0 |a United States.  |b Congress.  |b Senate  |v Biography. 
651 0 |a United States  |x Politics and government  |y 1945-1989. 
651 0 |a United States  |x Politics and government  |y 1989- 
651 0 |a West Virginia  |x Politics and government  |y 20th century. 
945 |a PromptCat 
946 |a stk 
947 |a A14836013973 
948 |a cataloged  |b h  |c 2012/12/7  |d c  |e dmitchel  |f 12:00:00 pm 
994 |a 92  |b TXA 
999 |a MARS 
999 f f |s d377feaf-eaa2-3383-827e-6c61c964e071  |i 8e755831-4186-38c6-94f3-cf2eaaaf8ab6  |t 0 
952 f f |p ric  |a Texas A&M University  |b Rellis Campus  |c Joint Library Facility  |d Remote Storage  |t 0  |e E840.8.B965 C67 2012  |h Library of Congress classification  |i unmediated -- volume  |m A14836013973 
998 f f |a E840.8.B965 C67 2012  |t 0  |l Remote Storage